000 00631nam a2200181Ia 4500
008 151018s9999 xx 000 0 und d
082 _bRBASDV37039
_a891.462
100 _aशंकर शिंदे
245 _aआस असे ही मातृत्वाची
250 _b1
260 _bललित नाट्य प्रकाशन
_c1991
300 _a86
600 _aशंकर शिंदे
630 _aआस असे ही मातृत्वाची
700 _aशंकर शिंदे
730 _aआस असे ही मातृत्वाची
942 _cBOOK
999 _c1036486
_d1036483